Wszystkie nazwy pociągów PKP Intercity 2025 - Statystyki

Ogólne statystyki
  • Ten quiz został rozwiązany 277 razy
  • Średni wynik to 35 z 195
Statystyki odpowiedzi
Kategoria Nazwa % Poprawnych
EIC Tatry
54%
IC Przemyślanin
52%
IC Mickiewicz
49%
EIC Chrobry
48%
EIC Berlin-Warszawa-Express
44%
TLK Małopolska
39%
IC Orzeszkowa
39%
IC Baltic Express
38%
TLK Karpaty
38%
IC Ślązak
38%
IC Odra
37%
IC Słowacki
36%
IC Sobieski
36%
IC Chopin
35%
IC Halny
34%
IC Matejko
34%
IC Artus
32%
IC Hańcza
32%
IC Karkonosze
32%
TLK Lubomirski
32%
IC Podlasiak
32%
IC Pomorzanin
32%
IC Zielonogórzanin
32%
IC Mieszko
31%
IC Sienkiewicz
31%
IC Wawel
31%
EIC Lech
30%
TLK Flisak
29%
IC Silesia
29%
EIC Bolesław Prus
28%
IC Mazury
28%
IC Sudety
28%
IC Warta
28%
IC Zamoyski
27%
IC Batory
26%
TLK Biebrza
26%
IC Bieszczady
26%
IC Galicja
26%
IC Marszałek Piłsudski
26%
IC Mewa
26%
IC Nałkowska
26%
IC Witkacy
26%
EIC Jantar
25%
IC Mehoffer
25%
IC Rybak
25%
IC San
25%
IC Uznam
25%
IC Górski
24%
IC Mamry
24%
IC Osterwa
24%
IC Porta Moravica
24%
IC Dąbrowska
23%
IC Hetman
23%
IC Heweliusz
23%
IC Malinowski
23%
EIC Morskie Oko
23%
IC Pobrzeże
23%
IC Śnieżka
23%
IC Wyspiański
23%
IC Zefir
23%
IC Konopnicka
22%
TLK Kossak
22%
IC Rozewie
22%
EIC Ślęża
22%
IC Warmia
22%
IC Fałat
21%
IC Kochanowski
21%
IC Kopernik
21%
EIC Panorama
21%
IC Spodek
21%
IC Wisłok
21%
IC Witos
21%
IC Wyczółkowski
21%
IC Lubuszanin
20%
IC Malczewski
20%
IC Wybrzeże
20%
IC Bałtyk
19%
IC Chełmoński
19%
IC Gałczyński
19%
IC Jagiełło
19%
EIC Ondraszek
19%
IC Zosia
19%
TLK Bory Tucholskie
18%
IC Fredro
18%
IC Hutnik
18%
IC Kujawiak
18%
IC Beskidy
17%
IC Bolko
17%
IC Gwarek
17%
IC Inka
17%
IC Kazimierz
17%
IC Koziołek
17%
IC Noteć
17%
IC Polonia
17%
IC Siemiradzki
17%
IC Szkuner
17%
IC Żeglarz
17%
IC Bachus
16%
IC Ustronie
16%
IC Brda
15%
IC Daszyński
15%
IC Gedania
15%
IC Katamaran
15%
IC Krasiński
15%
IC Moniuszko
15%
IC Narew
15%
IC Niegocin
15%
IC Oleńka
15%
IC Smok Wawelski
15%
IC Tuwim
15%
IC Żeromski
15%
IC Albatros
14%
IC Doker
14%
IC Jeziorak
14%
IC Kormoran
14%
IC Pilecki
14%
IC Swarożyc
14%
IC Asnyk
13%
IC Barbakan
13%
IC Chemik
13%
IC Jadwiga
13%
IC Karłowicz
13%
IC Miechowita
13%
IC Sukiennice
13%
IC Żubr
13%
IC Chełmianin
12%
IC Cracovia
12%
IC Kasztelan
12%
IC Kinga
12%
IC Korfanty
12%
IC Staszic
12%
IC Bryza
11%
IC Drwęca
11%
IC Kociewie
11%
IC Kolberg
11%
IC Korczak
11%
IC Kyiv Express
11%
IC Łużyce
11%
IC Merkury
11%
IC Podlasie
11%
IC Pojezierze
11%
IC Pułaski
11%
IC Rejewski
11%
IC Reymont
11%
IC Starzyński
11%
IC Stoczniowiec
11%
IC Wetlina
11%
IC Żuławy
11%
IC Baczyński
10%
IC Lazur
10%
IC Lednica
10%
IC Stańczyk
10%
EIC Wysocki
10%
IC Cegielski
9%
IC Czechowicz
9%
IC Danubius
9%
IC Esperanto
9%
IC Jagna
9%
IC Kraszewski
9%
IC Łukasiewicz
9%
IC Morcinek
9%
EIC Neptun
9%
IC Skarbek
9%
IC Ukiel
9%
IC Włókniarz
9%
IC Bosman
8%
IC Górnik
8%
IC Orłowicz
8%
IC Zamenhof
8%
TLK Comenius
7%
IC Gierymski
7%
IC Gryf
7%
IC Leśmian
7%
IC Moravia
7%
IC Niemcewicz
7%
IC Słupia
7%
IC Sztygar
7%
IC Wybicki
7%
IC Baltazar
6%
IC Bystrzyca
6%
IC Prząśniczka
6%
IC Słowiniec
6%
IC Łempicka
5%
IC Radziwiłł
5%
IC Strzelecki
5%
IC Szczeliniec
5%
IC Pogórze
4%
IC Porazińska
4%
IC Stryjeńska
4%
IC Telimena
4%
IC Żylica
4%
IC Błatnia
3%
IC Dębowiec
3%
IC Łysica
3%
IC Skaryna
3%
Nie znaleziono quizów pasujących do podanych kryteriów
Rozkład punktacji
Procent ludzi z każdym wynikiem
Percentyl według liczby udzielonych odpowiedzi
Twoja historia wyników
Nie rozwiązałeś tego quizu